Toutes les équipes ayant atteint les demi-finales d'un Euro - Statistiques

Statistiques générales
  • Ce quiz a été pris 4 862 fois
  • Le résultat moyen est 49 sur 60
Statistiques - réponses
Année Pays % Correct
1960 France
100%
1984 France
100%
1996 France
100%
2000 France
100%
2016 France
100%
1964 Espagne
99%
1984 Espagne
99%
2008 Espagne
99%
2012 Espagne
99%
1984 Portugal
99%
2000 Portugal
99%
2004 Portugal
99%
2012 Portugal
99%
2016 Portugal
99%
1992 Allemagne
98%
1996 Allemagne
98%
2008 Allemagne
98%
2012 Allemagne
98%
2016 Allemagne
98%
1968 Italie
97%
1980 Italie
97%
1988 Italie
97%
2000 Italie
97%
2012 Italie
97%
1968 Angleterre
95%
1996 Angleterre
95%
2004 Grèce
88%
1976 Pays-Bas
88%
1988 Pays-Bas
88%
1992 Pays-Bas
88%
2000 Pays-Bas
88%
2004 Pays-Bas
88%
1972 Belgique
87%
1980 Belgique
87%
1992 Suède
87%
1964 Danemark
81%
1984 Danemark
81%
1992 Danemark
81%
2008 Russie
81%
1964 Hongrie
73%
1972 Hongrie
73%
2016 Pays de Galles
71%
2008 Turquie
70%
1960 Yougoslavie
65%
1968 Yougoslavie
65%
1976 Yougoslavie
65%
1960 URSS
64%
1964 URSS
64%
1968 URSS
64%
1972 URSS
64%
1988 URSS
64%
1996 République Tchèque
57%
2004 République Tchèque
57%
1972 Allemagne de l'Ouest
49%
1976 Allemagne de l'Ouest
49%
1980 Allemagne de l'Ouest
49%
1988 Allemagne de l'Ouest
49%
1960 Tchécoslovaquie
47%
1976 Tchécoslovaquie
47%
1980 Tchécoslovaquie
47%
Aucun quiz correspondant
Distribution des résultats
% des personnes avec chaque résultat
Percentile par nombre de réponses
Votre historique - résultats
Vous n’avez pas pris ce quiz